000 01458nam2a22002651 4500
001 RU\NLR\INFOCOMM29\5000130747
005 20250617133423.0
035 _a(NLR Aleph) 002634039
090 _a3726833
_c3726833
100 _a20050224d1959 |||y0rusy50 ca
101 0 _arus
102 _aRU
105 _ay ||||000|y
200 1 _aРациональные формы затворов и переходов для трубопроводов ГЭС и насосных станций
_fБ.И. Янышин
210 _d1959
_aБ. м.
225 1 _aТема 25. Гидросиловые установки
_v№9
461 0 _1001RU\NLR\INFOCOMM29\5000130052
_12001#$aПередовой научно-технический и производственный опыт$i[Промышленная энергетика]$fАкад. наук СССР. Филиал Всесоюз. ин-та науч. и техн. информации$v1959, №Э-59-93
_93725046
_cМ.
_d1958-
_fАкад. наук СССР. Филиал Всесоюз. ин-та науч. и техн. информации
_i[Промышленная энергетика]
_tПередовой научно-технический и производственный опыт
_v1959, №Э-59-93
700 1 _aЯнышин
_bБ.И.
_4070
801 1 _aRU
_bInfoComm
_c20050225
801 0 _aRU
_bNLR
_gPSBO
852 _aNLR
_jП11/1539
942 _cISSUE
980 _aNB
980 _aRUSPER